[Event "Open Ricany 2012"]
[Site "http://www.openricany.cz/"]
[Date "2012.08.28"]
[Round "4.1"]
[White "Chudinovskikh, Alexander"]
[Black "Kulhanek, Tomas"]
[Result "1/2-1/2"]
[WhiteElo "2248"]
[BlackElo "2399"]
[PlyCount "86"]
[EventDate "2012.??.??"]

1. d4 Nf6 2. Nf3 e6 3. g3 b5 4. Bg2 Bb7 5. O-O d5 6. b3 Nbd7 7. c4 bxc4 8. bxc4
dxc4 9. Qa4 Nd5 10. Qxc4 c5 11. Nc3 Qc8 12. Nxd5 Bxd5 13. Qa4 Bc6 14. Qa5 Be7
15. Bf4 O-O 16. Rfc1 Qd8 17. Bc7 Qc8 18. dxc5 Bd8 19. Bxd8 Rxd8 20. Nd4 Bxg2
21. Kxg2 Nf6 22. Qa4 e5 23. Nc6 Re8 24. Rab1 Nd5 25. e4 Qg4 26. f3 Nf4+ 27. Kf2
Nh3+ 28. Ke2 Qh5 29. Rc3 h6 30. Qc4 Rac8 31. Qd5 Rxc6 32. Qxc6 Rd8 33. Rd1 Ng1+
34. Ke1 Nxf3+ 35. Rxf3 Rxd1+ 36. Kxd1 Qxf3+ 37. Kc2 Qe2+ 38. Kc3 Qe3+ 39. Kb4
Qd2+ 40. Kb5 Qd3+ 41. Ka4 Qc2+ 42. Kb5 Qd3+ 43. Kb4 Qd2+ 1/2-1/2

[Event "Open Ricany 2012"]
[Site "http://www.openricany.cz/"]
[Date "2012.08.28"]
[Round "4.2"]
[White "Vesselovsky, Serguei"]
[Black "Vanka, Miloslav"]
[Result "1-0"]
[WhiteElo "2360"]
[BlackElo "2129"]
[PlyCount "89"]
[EventDate "2012.??.??"]

1. e4 e5 2. Nf3 Nf6 3. Nxe5 d6 4. Nf3 Nxe4 5. d4 d5 6. Bd3 Nc6 7. O-O Be7 8. c4
Nf6 9. cxd5 Nxd5 10. Nc3 Be6 11. Re1 O-O 12. a3 Bf6 13. Bc2 Nce7 14. Ng5 Bf5
15. Bxf5 Nxf5 16. Nxh7 Kxh7 17. Qh5+ Kg8 18. Qxf5 Ne7 19. Qe4 c6 20. Be3 Re8
21. Rad1 Qd7 22. Qd3 Nd5 23. Ne4 Qf5 24. Nxf6+ Qxf6 25. Bd2 Rxe1+ 26. Rxe1 Rd8
27. Qe4 Nc7 28. Bc3 Re8 29. Qb1 Rxe1+ 30. Qxe1 Nd5 31. Qe8+ Kh7 32. Qe4+ g6 33.
Bd2 Qd8 34. h4 Qd7 35. h5 Kg7 36. hxg6 fxg6 37. Bf4 Nxf4 38. Qxf4 Kh7 39. Qe5
Qg4 40. f3 Qd7 41. Kf2 Kg8 42. g4 b6 43. Kg3 Kh7 44. f4 Qf7 45. Kh4 1-0

[Event "Open Ricany 2012"]
[Site "http://www.openricany.cz/"]
[Date "2012.08.28"]
[Round "4.3"]
[White "Schmalz, Michal"]
[Black "Vojta, Tomas"]
[Result "0-1"]
[WhiteElo "2040"]
[BlackElo "2349"]
[PlyCount "52"]
[EventDate "2012.??.??"]

1. Nf3 d5 2. g3 Nc6 3. d4 Bg4 4. Bg2 Qd7 5. O-O O-O-O 6. Ne5 Nxe5 7. dxe5 h5 8.
Qd4 Kb8 9. e4 dxe4 10. Qxe4 Qc8 11. h4 Nh6 12. Nc3 Nf5 13. Nd5 e6 14. Nf4 Bc5
15. Qc4 Bb6 16. a4 a5 17. Kh2 g5 18. f3 gxh4 19. gxh4 Nxh4 20. fxg4 hxg4 21.
Ra3 g3+ 22. Kh1 Rd4 23. Qc3 Rxf4 24. Bxf4 Nf5+ 25. Bh3 Rxh3+ 26. Kg2 Rh2+ 0-1

[Event "Open Ricany 2012"]
[Site "http://www.openricany.cz/"]
[Date "2012.08.28"]
[Round "4.4"]
[White "Pospisil, Evzen"]
[Black "Sodoma, Jan"]
[Result "1/2-1/2"]
[WhiteElo "2083"]
[BlackElo "2386"]
[PlyCount "53"]
[EventDate "2012.??.??"]

1. d4 Nf6 2. c4 e6 3. Nf3 b6 4. g3 Bb7 5. Bg2 Be7 6. O-O O-O 7. Nc3 Na6 8. b3
d5 9. Ne5 Ne4 10. Bb2 f6 11. Nd3 Qe8 12. Nf4 Nxc3 13. Bxc3 Qf7 14. e3 Bd6 15.
cxd5 exd5 16. Nd3 Rad8 17. b4 c6 18. Qd2 Bb8 19. a4 Nc7 20. Rfe1 Rfe8 21. Rad1
Re7 22. Bb2 Ne8 23. Ba3 Nd6 24. b5 Ree8 25. Bxd6 Bxd6 26. Nb4 Rc8 27. Nxc6
1/2-1/2

[Event "Open Ricany 2012"]
[Site "http://www.openricany.cz/"]
[Date "2012.08.28"]
[Round "4.5"]
[White "Balacek, Tadeas"]
[Black "Sedy, Pavel"]
[Result "1-0"]
[WhiteElo "2178"]
[BlackElo "2155"]
[PlyCount "99"]
[EventDate "2012.??.??"]

1. d4 d5 2. Nf3 Nf6 3. c4 e6 4. g3 Be7 5. Bg2 O-O 6. O-O dxc4 7. Qa4 Bd7 8.
Qxc4 Bc6 9. Nc3 Nbd7 10. Qd3 Rb8 11. Bf4 b5 12. Ng5 Bxg2 13. Kxg2 h6 14. Nf3 b4
15. Ne4 Nd5 16. Ne5 Nxe5 17. Bxe5 f6 18. Bf4 Nxf4+ 19. gxf4 Qd5 20. f3 f5 21.
Nf2 Bf6 22. Rfd1 Rfd8 23. Qa6 Rb6 24. Qa4 Qc4 25. e3 Kh7 26. Nd3 Qb5 27. Qxb5
Rxb5 28. Rac1 Rd7 29. Rc6 Rd6 30. Rxc7 Ra6 31. Nc1 Kg8 32. Rd2 g5 33. fxg5 hxg5
34. Kf2 Rd6 35. Rxa7 f4 36. Nb3 fxe3+ 37. Kxe3 e5 38. d5 Rdxd5 39. Rxd5 Rxd5
40. Rb7 e4 41. fxe4 Rd1 42. Rxb4 Bxb2 43. Rb5 Bf6 44. a4 Rh1 45. a5 Rxh2 46. a6
Ra2 47. Ra5 Rb2 48. a7 Rxb3+ 49. Ke2 Rb2+ 50. Kf3 1-0

[Event "Open Ricany 2012"]
[Site "http://www.openricany.cz/"]
[Date "2012.08.28"]
[Round "4.6"]
[White "Vesecky, Martin"]
[Black "Kovar, Josef"]
[Result "1-0"]
[WhiteElo "2114"]
[BlackElo "2052"]
[PlyCount "63"]
[EventDate "2012.??.??"]

1. d4 Nf6 2. Nf3 g6 3. c4 Bg7 4. Nc3 O-O 5. e4 d6 6. Be2 Na6 7. O-O e5 8. Bg5
Qe8 9. d5 Nh5 10. g3 Bh3 11. Re1 h6 12. Be3 Qd7 13. Nd2 f5 14. exf5 gxf5 15.
Bxh5 f4 16. Nde4 fxe3 17. Rxe3 Bf5 18. a3 Rad8 19. b4 c6 20. dxc6 bxc6 21. Qa4
Nc7 22. Rd1 Bxe4 23. Nxe4 Qf5 24. g4 Qd7 25. Rxd6 Qe7 26. Qxc6 Rf4 27. Red3
Rxd6 28. Qxd6 Qxd6 29. Nxd6 Kf8 30. Nf5 Bf6 31. Rd7 Ne8 32. Rxa7 1-0

[Event "Open Ricany 2012"]
[Site "http://www.openricany.cz/"]
[Date "2012.08.28"]
[Round "4.7"]
[White "Rehorek, Martin"]
[Black "Groh, Jiri"]
[Result "1-0"]
[WhiteElo "2310"]
[BlackElo "2049"]
[PlyCount "49"]
[EventDate "2012.??.??"]

1. c4 Nf6 2. Nf3 e6 3. g3 d5 4. Bg2 Be7 5. O-O O-O 6. b3 b6 7. Bb2 Bb7 8. cxd5
Nxd5 9. Nc3 Nxc3 10. Bxc3 Bf6 11. Bxf6 Qxf6 12. Qc2 c5 13. Ng5 Qxg5 14. Bxb7
Nd7 15. Bxa8 Rxa8 16. Rad1 e5 17. Qe4 Rd8 18. f4 Qg4 19. Qd5 Re8 20. fxe5 Nxe5
21. d4 cxd4 22. Rxd4 Qxe2 23. Re4 Nf3+ 24. Rxf3 Qxe4 25. Qxf7+ 1-0

[Event "Open Ricany 2012"]
[Site "http://www.openricany.cz/"]
[Date "2012.08.28"]
[Round "4.8"]
[White "Mrna, Vladimir"]
[Black "Gregor, Jiri"]
[Result "1/2-1/2"]
[WhiteElo "2045"]
[BlackElo "2291"]
[PlyCount "54"]
[EventDate "2012.??.??"]

1. c4 c6 2. e4 d5 3. exd5 cxd5 4. cxd5 Nf6 5. Nc3 g6 6. Nf3 Bg7 7. d4 O-O 8.
Bc4 Nbd7 9. O-O Nb6 10. Bb3 Nbxd5 11. Re1 b6 12. Bg5 Bb7 13. Rc1 h6 14. Bh4 a6
15. h3 Re8 16. Ne5 Rc8 17. Kh1 Qd6 18. Qf3 Rf8 19. Bxf6 exf6 20. Bxd5 Rxc3 21.
Bxf7+ Rxf7 22. Nxf7 Rxc1 23. Rxc1 Qd7 24. Qf4 Qxh3+ 25. Qh2 Bxg2+ 26. Kg1 Qxh2+
27. Kxh2 Bd5 1/2-1/2

[Event "Open Ricany 2012"]
[Site "http://www.openricany.cz/"]
[Date "2012.08.28"]
[Round "4.9"]
[White "Vorobyov, Yrij"]
[Black "Voracek, Zdenek"]
[Result "1-0"]
[WhiteElo "2254"]
[BlackElo "2045"]
[PlyCount "53"]
[EventDate "2012.??.??"]

1. Nf3 d5 2. g3 Nf6 3. Bg2 e6 4. O-O Be7 5. c4 c6 6. b3 Nbd7 7. Bb2 b5 8. d3
bxc4 9. bxc4 Rb8 10. Qc2 Qb6 11. Bc3 O-O 12. Nbd2 Bb7 13. Rab1 Qc7 14. Qa4 Ba8
15. Ba5 Qd6 16. Bc3 Qc7 17. Rbc1 c5 18. cxd5 exd5 19. e4 Bc6 20. Qc2 c4 21. Ba1
Nc5 22. Be5 Qd7 23. Bxb8 Rxb8 24. Ne5 Ba4 25. Nxd7 Nfxd7 26. Qc3 Nxd3 27. Rb1
1-0

[Event "Open Ricany 2012"]
[Site "http://www.openricany.cz/"]
[Date "2012.08.28"]
[Round "4.10"]
[White "Haba, Zdenek"]
[Black "Vavrinec, Tomas"]
[Result "1/2-1/2"]
[WhiteElo "2236"]
[BlackElo "2018"]
[PlyCount "95"]
[EventDate "2012.??.??"]

1. d4 e6 2. c4 d5 3. Nc3 c5 4. cxd5 exd5 5. Nf3 Nf6 6. Bg5 Be6 7. e4 dxe4 8.
Nxe4 Be7 9. Nxc5 Bxc5 10. dxc5 Qa5+ 11. Qd2 Qxc5 12. Bxf6 gxf6 13. Be2 Nc6 14.
O-O O-O 15. Rac1 Qf5 16. Bd3 Qh5 17. Qf4 Rfd8 18. Be4 Qg4 19. Qxg4+ Bxg4 20.
Bxc6 bxc6 21. Rxc6 Bxf3 22. gxf3 Rd2 23. Rxf6 Rxb2 24. Ra6 Rc8 25. Rxa7 Rcc2
26. a4 Ra2 27. Kg2 Kg7 28. Kg3 Rc4 29. Rb1 Raxa4 30. Rxa4 Rxa4 31. Rb6 Ra1 32.
f4 Rg1+ 33. Kf3 Rh1 34. Kg2 Ra1 35. h4 Ra3 36. h5 h6 37. Rb5 Rc3 38. f3 Rc1 39.
Kg3 Rg1+ 40. Kh4 Rg2 41. Rb6 Rh2+ 42. Kg4 Rg2+ 43. Kh3 Rg1 44. f5 Rg5 45. f6+
Kh7 46. Kh4 Rf5 47. Kg4 Rg5+ 48. Kh4 1/2-1/2

[Event "Open Ricany 2012"]
[Site "http://www.openricany.cz/"]
[Date "2012.08.28"]
[Round "4.11"]
[White "Novak, Jindrich"]
[Black "Kozak, Milos"]
[Result "1/2-1/2"]
[WhiteElo "2041"]
[BlackElo "2195"]
[PlyCount "68"]
[EventDate "2012.??.??"]

1. e4 c5 2. e5 Nc6 3. f4 d6 4. Bb5 Bd7 5. Nf3 Nxe5 6. Nxe5 Bxb5 7. a4 Bd7 8.
Nxd7 Qxd7 9. O-O g6 10. a5 Bg7 11. a6 Nh6 12. Nc3 O-O 13. b3 bxa6 14. Bb2 Nf5
15. Rxa6 Qb7 16. Ra2 h5 17. Ne2 Bxb2 18. Rxb2 c4 19. c3 a5 20. Qb1 Rfb8 21. b4
a4 22. Ng3 Nxg3 23. hxg3 e6 24. Rd1 Qb6+ 25. Kh2 Kg7 26. Ra2 a3 27. Qc2 Qc6 28.
Rda1 Rb5 29. Rxa3 Rxa3 30. Rxa3 Rf5 31. Ra5 Rxa5 32. bxa5 Qb5 33. Qe4 Qxa5 34.
Qxc4 Qb6 1/2-1/2

[Event "Open Ricany 2012"]
[Site "http://www.openricany.cz/"]
[Date "2012.08.28"]
[Round "4.12"]
[White "Skala. Jaromir"]
[Black "Cerny, Martin"]
[Result "1/2-1/2"]
[WhiteElo "2038"]
[BlackElo "2185"]
[PlyCount "66"]
[EventDate "2012.??.??"]

1. d4 Nf6 2. c4 c5 3. d5 b5 4. cxb5 a6 5. b6 d6 6. Nc3 Nbd7 7. e4 g6 8. g3 Bg7
9. Bg2 O-O 10. Nge2 Qxb6 11. O-O a5 12. Na4 Qa7 13. Rb1 Ba6 14. b3 Rfb8 15. Bb2
Bb5 16. Nac3 a4 17. Nxb5 Rxb5 18. bxa4 Rb4 19. Nc3 Nxe4 20. Bxe4 Bxc3 21. Bxc3
Rxe4 22. a5 Qa6 23. Re1 Qc4 24. Rb7 Nf6 25. Bxf6 exf6 26. Rxe4 Qxe4 27. Qd2 Qc4
28. Rb6 Re8 29. a6 Re2 30. Qxe2 Qxe2 31. a7 Qd1+ 32. Kg2 Qxd5+ 33. Kg1 Qd1+
1/2-1/2

[Event "Open Ricany 2012"]
[Site "http://www.openricany.cz/"]
[Date "2012.08.28"]
[Round "4.13"]
[White "Kratocvhil, Jakub"]
[Black "Postupa, Martin"]
[Result "0-1"]
[WhiteElo "2152"]
[BlackElo "2002"]
[PlyCount "72"]
[EventDate "2012.??.??"]

1. e4 e5 2. Nf3 Nc6 3. Bb5 d6 4. d4 Bd7 5. Nc3 exd4 6. Nxd4 g6 7. Be3 Bg7 8.
Qd2 Nf6 9. f3 O-O 10. Bxc6 bxc6 11. O-O-O c5 12. Nde2 Re8 13. g4 Bc6 14. Ng3
Qb8 15. b3 Nd7 16. Rdf1 a5 17. Nge2 a4 18. Kd1 axb3 19. cxb3 Bb5 20. Rf2 c4 21.
Nd4 cxb3 22. Nxb3 Bc4 23. Nc1 c5 24. Bf4 Ra3 25. Nd5 Ne5 26. Ne3 Bxa2 27. Nxa2
Rd3 28. Bxe5 Qb1+ 29. Nc1 Rxd2+ 30. Rxd2 Bxe5 31. Nd5 Kf8 32. Ke2 Bb2 33. Rdd1
Qc2+ 34. Rd2 Qc4+ 35. Nd3 Qxd5 36. Nxb2 Rxe4+ 0-1

[Event "Open Ricany 2012"]
[Site "http://www.openricany.cz/"]
[Date "2012.08.28"]
[Round "4.14"]
[White "Janacek, Jaroslav"]
[Black "Sindler, Michal"]
[Result "1/2-1/2"]
[WhiteElo "2020"]
[BlackElo "2144"]
[PlyCount "48"]
[EventDate "2012.??.??"]

1. e4 c5 2. c3 d5 3. exd5 Qxd5 4. d4 e6 5. Nf3 Nc6 6. Na3 Bd7 7. Bc4 Qe4+ 8.
Be3 cxd4 9. Bd3 Qd5 10. Nb5 Rc8 11. Nbxd4 Nf6 12. Qb3 Na5 13. Qxd5 Nxd5 14. Ne5
Nxe3 15. fxe3 Bd6 16. Nxd7 Kxd7 17. O-O Ke7 18. Rf2 a6 19. Be4 Rc7 20. Raf1 f6
21. g3 Nc4 22. Re2 Ne5 23. Rd1 Bc5 24. Kg2 g6 1/2-1/2

[Event "Open Ricany 2012"]
[Site "http://www.openricany.cz/"]
[Date "2012.08.28"]
[Round "4.15"]
[White "Hadzala, Daniel"]
[Black "Pavlicek, Petr"]
[Result "1-0"]
[WhiteElo "2127"]
[BlackElo "2001"]
[PlyCount "95"]
[EventDate "2012.??.??"]

1. c4 e6 2. g3 d5 3. Bg2 Nf6 4. Nf3 Be7 5. O-O O-O 6. b3 c5 7. Bb2 Nc6 8. cxd5
exd5 9. d3 Be6 10. Nbd2 Nd7 11. Rc1 Bf6 12. Qc2 Bxb2 13. Qxb2 Rc8 14. Rfd1 b6
15. a3 Qe7 16. e4 d4 17. Nf1 f5 18. exf5 Bxf5 19. Nh4 Be6 20. f4 Qd6 21. Nd2
Nf6 22. Ne4 Qd7 23. b4 cxb4 24. axb4 Ng4 25. Re1 Ne3 26. Bh1 Ne7 27. Ng5 Bg4
28. Nhf3 Rxc1 29. Rxc1 Rc8 30. Ne5 Rxc1+ 31. Qxc1 Qc8 32. Qb2 Bh5 33. Qb3+ Kf8
34. Ne6+ Kg8 35. Nxd4+ Kh8 36. Qb2 Qh3 37. Bg2 Qc8 38. Ndc6 Nxc6 39. Bxc6 a5
40. b5 Qf8 41. Qd4 Nc2 42. Qxb6 a4 43. Qf2 Bd1 44. b6 a3 45. Bd5 Nb4 46. Bc4
Qb8 47. g4 g5 48. Qd4 1-0

[Event "Open Ricany 2012"]
[Site "http://www.openricany.cz/"]
[Date "2012.08.28"]
[Round "4.16"]
[White "Havlik, Frantisek"]
[Black "Moravec, Vit"]
[Result "1/2-1/2"]
[WhiteElo "1994"]
[BlackElo "2115"]
[PlyCount "112"]
[EventDate "2012.??.??"]

1. e4 c5 2. d4 cxd4 3. Nf3 d6 4. Nxd4 Nf6 5. Nc3 g6 6. Be2 Bg7 7. Be3 O-O 8.
Qd2 Nc6 9. Nxc6 bxc6 10. Bh6 Qb6 11. Bxg7 Kxg7 12. b3 Ng4 13. Bxg4 Bxg4 14. Nd1
Be6 15. Ne3 Rfd8 16. c4 a5 17. O-O f6 18. Kh1 Qb4 19. Qd3 a4 20. f4 axb3 21.
axb3 Rxa1 22. Rxa1 Rb8 23. Rb1 Bf7 24. g4 Ra8 25. Nc2 Qc5 26. Ne3 Ra3 27. Rb2
e5 28. g5 fxg5 29. fxg5 Ra1+ 30. Kg2 Qd4 31. Rd2 c5 32. h4 Re1 33. Kf3 Rh1 34.
Kg3 Be6 35. Qxd4 exd4 36. Nd5 Rh3+ 37. Kg2 Rxb3 38. Ra2 Bxd5 39. exd5 Rb7 40.
Kf3 Re7 41. Ra3 h6 42. Rb3 hxg5 43. hxg5 Kf7 44. Rb6 Rd7 45. Ke4 Ke7 46. Rb8
Ra7 47. Rg8 Ra4 48. Rg7+ Kf8 49. Rxg6 Rxc4 50. Rxd6 Rc1 51. Rc6 Re1+ 52. Kd3
Re3+ 53. Kd2 Rg3 54. Rxc5 Rxg5 55. Kd3 Rg4 56. Rc7 Ke8 1/2-1/2

[Event "Open Ricany 2012"]
[Site "http://www.openricany.cz/"]
[Date "2012.08.28"]
[Round "4.17"]
[White "Koper, Stefan"]
[Black "Skacel, Jan"]
[Result "1/2-1/2"]
[WhiteElo "1989"]
[BlackElo "2105"]
[PlyCount "32"]
[EventDate "2012.??.??"]

1. d4 Nf6 2. c4 e6 3. Nf3 c5 4. d5 exd5 5. cxd5 d6 6. Nc3 g6 7. Bf4 a6 8. a4
Bg7 9. e4 O-O 10. Be2 Re8 11. Nd2 Qc7 12. O-O Nbd7 13. f3 Nh5 14. Bg5 h6 15.
Bh4 g5 16. Bf2 Nf4 1/2-1/2

[Event "Open Ricany 2012"]
[Site "http://www.openricany.cz/"]
[Date "2012.08.28"]
[Round "4.18"]
[White "Hadrava, Jaroslav"]
[Black "Zvara, David"]
[Result "0-1"]
[WhiteElo "1914"]
[BlackElo "2059"]
[PlyCount "62"]
[EventDate "2012.??.??"]

1. e4 e5 2. Nc3 Nf6 3. f4 d5 4. fxe5 Nxe4 5. Nf3 Be7 6. Qe2 Nxc3 7. dxc3 c5 8.
Bf4 Nc6 9. O-O-O Be6 10. Qf2 Qa5 11. a3 h6 12. Be3 O-O-O 13. h3 Rd7 14. Be2
Rhd8 15. Rd2 c4 16. Kb1 Bxa3 17. bxa3 Qxa3 18. Bd4 b5 19. Qe3 Rb7 20. Rd3 b4
21. cxb4 Rxb4+ 22. Rb3 Rxb3+ 23. cxb3 Bf5+ 24. Bd3 Bxd3+ 25. Qxd3 cxd3 26. Rc1
Qxb3+ 27. Bb2 Kd7 28. Rxc6 Rb8 29. e6+ fxe6 30. Ne5+ Ke7 31. Rc7+ Ke8 0-1

[Event "Open Ricany 2012"]
[Site "http://www.openricany.cz/"]
[Date "2012.08.28"]
[Round "4.19"]
[White "Volek, Radomir"]
[Black "Lacha, Jan"]
[Result "1-0"]
[WhiteElo "2057"]
[BlackElo "1891"]
[PlyCount "111"]
[EventDate "2012.??.??"]

1. e4 c6 2. d4 d5 3. Nc3 dxe4 4. Nxe4 Bf5 5. Ng3 Bg6 6. Nf3 Nf6 7. h4 h6 8. h5
Bh7 9. Bd3 Bxd3 10. Qxd3 e6 11. Be3 Bd6 12. Ne4 Nxe4 13. Qxe4 Nd7 14. Qd3 Qc7
15. O-O-O Nf6 16. Kb1 Nd5 17. Rh4 Nb4 18. Qe2 Qa5 19. a3 Nd5 20. Bd2 Qb6 21.
Ka1 Nf6 22. c4 Qa6 23. Qd3 O-O-O 24. Qb3 Bc7 25. Be3 Rd7 26. Ne5 Bxe5 27. dxe5
Rxd1+ 28. Qxd1 Rd8 29. Rd4 Rxd4 30. Qxd4 Nd7 31. Ka2 Qa5 32. f4 c5 33. Qd6 Qc7
34. Qd2 Qc6 35. Qc2 a5 36. b3 Nb6 37. a4 Nd7 38. Bc1 Nb8 39. Ba3 Na6 40. Kb1
Qd7 41. Bb2 Nb4 42. Qe2 Nd3 43. Qe3 b6 44. Bc3 Nb4 45. Qd2 Qc6 46. Qe2 Qc7 47.
Kc1 Qd7 48. Qd2 Qc6 49. Qe2 Qd7 50. Bxb4 axb4 51. Qe4 Kd8 52. g4 f6 53. Qa8+
Ke7 54. Qg8 Qd4 55. Qxg7+ Kd8 56. Qxf6+ 1-0

[Event "Open Ricany 2012"]
[Site "http://www.openricany.cz/"]
[Date "2012.08.28"]
[Round "4.20"]
[White "Fencl, Pavel"]
[Black "Juptner, Jan"]
[Result "0-1"]
[WhiteElo "1966"]
[BlackElo "2378"]
[PlyCount "73"]
[EventDate "2012.??.??"]

1. c4 g6 2. Nc3 Bg7 3. g3 c5 4. Bg2 Nc6 5. e4 Nf6 6. Nge2 O-O 7. d3 a6 8. O-O
Ne8 9. f4 f5 10. e5 d6 11. exd6 exd6 12. Nd5 Rb8 13. a4 Ne7 14. Nec3 Nxd5 15.
Nxd5 Nf6 16. Rb1 Be6 17. Nxf6+ Bxf6 18. b4 Bd4+ 19. Kh1 Qd7 20. Re1 Bf7 21. b5
d5 22. Qc2 Rfe8 23. Bd2 axb5 24. axb5 h5 25. Bc3 dxc4 26. dxc4 h4 27. gxh4 Bxc4
28. Bxd4 Qxd4 29. Rxe8+ Rxe8 30. Rd1 Bd3 31. Qxd3 Re1+ 32. Rxe1 Qxd3 33. Bxb7
Qxb5 34. Bd5+ Kf8 35. h5 Qd3 36. Bc6 gxh5 37. Re8+ 0-1

[Event "Open Ricany 2012"]
[Site "http://www.openricany.cz/"]
[Date "2012.08.28"]
[Round "4.21"]
[White "Postupa, Pavel"]
[Black "Vlcek, Marek"]
[Result "1-0"]
[WhiteElo "2141"]
[BlackElo "1952"]
[PlyCount "65"]
[EventDate "2012.??.??"]

1. e4 e5 2. Nf3 Nc6 3. Bb5 a6 4. Ba4 d6 5. O-O Bd7 6. c3 Nf6 7. Re1 Be7 8. d4
O-O 9. h3 b5 10. Bb3 exd4 11. cxd4 Na5 12. Bc2 Re8 13. Nbd2 Nb7 14. Nf1 c5 15.
Ng3 cxd4 16. Nxd4 Bf8 17. Bf4 Rc8 18. Qd2 Nc5 19. Rad1 Ne6 20. Nxe6 Bxe6 21.
Bb1 d5 22. Bg5 dxe4 23. Qe3 Qa5 24. Bxf6 gxf6 25. Nh5 f5 26. Qg5+ Kh8 27. Qf6+
Kg8 28. Re3 f4 29. Qxf4 Bd6 30. Rg3+ Kf8 31. Qxd6+ Re7 32. Nf6 Bg4 33. Rxg4 1-0

[Event "Open Ricany 2012"]
[Site "http://www.openricany.cz/"]
[Date "2012.08.28"]
[Round "4.22"]
[White "Sargsyan, Karen"]
[Black "Pospisil, Martin"]
[Result "1/2-1/2"]
[WhiteElo "1932"]
[BlackElo "2084"]
[PlyCount "76"]
[EventDate "2012.??.??"]

1. e4 c5 2. Nc3 Nc6 3. Bb5 Nd4 4. Bc4 g6 5. d3 Bg7 6. Nge2 e6 7. Bf4 d6 8. O-O
Ne7 9. Nxd4 cxd4 10. Nb5 e5 11. Bd2 a6 12. Na3 O-O 13. Bb3 d5 14. exd5 Nxd5 15.
Re1 b5 16. c4 dxc3 17. bxc3 Bb7 18. Rc1 Qd6 19. c4 Qxa3 20. cxd5 Qd6 21. Qg4 a5
22. d4 exd4 23. Bf4 Qb4 24. d6 a4 25. Bc2 Bd5 26. Bd3 Rae8 27. Rxe8 Rxe8 28. d7
Re1+ 29. Bf1 Bf6 30. Rc8+ Kg7 31. Bh6+ Kxh6 32. Qf4+ Kg7 33. Qxf6+ Kxf6 34.
d8=Q+ Ke6 35. Qe8+ Kf6 36. Qd8+ Ke6 37. Qe8+ Kf6 38. Qd8+ Ke6 1/2-1/2

[Event "Open Ricany 2012"]
[Site "http://www.openricany.cz/"]
[Date "2012.08.28"]
[Round "4.23"]
[White "Starek, Stanislav"]
[Black "Krejci, Martin"]
[Result "1-0"]
[WhiteElo "2052"]
[BlackElo "1923"]
[PlyCount "77"]
[EventDate "2012.??.??"]

1. d4 Nf6 2. c4 g6 3. Nc3 d5 4. cxd5 Nxd5 5. e4 Nxc3 6. bxc3 Bg7 7. Bb5+ c6 8.
Ba4 O-O 9. Ne2 Nd7 10. O-O Nb6 11. Bb3 Qc7 12. Be3 Rd8 13. Qc2 Bd7 14. Rab1 e5
15. a4 Nc8 16. Qa2 Be8 17. f3 Qe7 18. Rfd1 exd4 19. cxd4 Nd6 20. Qd2 c5 21. Bg5
Qc7 22. Bxd8 Rxd8 23. Rbc1 c4 24. e5 Qb6 25. Bxc4 Nxc4 26. Rxc4 Bxe5 27. Qc2
Bg7 28. Rb1 Qa6 29. Rd1 b5 30. Rc7 b4 31. Qe4 Qxa4 32. Rdc1 Bf8 33. Rc8 Qd7 34.
Qa8 Qe7 35. Rxd8 Qe3+ 36. Kf1 Bb5 37. Rxf8+ Kg7 38. Rg8+ Kh6 39. Re1 1-0

[Event "Open Ricany 2012"]
[Site "http://www.openricany.cz/"]
[Date "2012.08.28"]
[Round "4.24"]
[White "Hrdina, Robin"]
[Black "Hanl, Frantisek"]
[Result "1/2-1/2"]
[WhiteElo "2024"]
[BlackElo "1911"]
[PlyCount "40"]
[EventDate "2012.??.??"]

1. e4 e6 2. d4 d5 3. Nd2 Nf6 4. e5 Nfd7 5. f4 c5 6. c3 Nc6 7. Ne2 Qb6 8. Nf3
cxd4 9. cxd4 Bb4+ 10. Nc3 f6 11. a3 Be7 12. Bd3 O-O 13. Na4 Qc7 14. O-O Nb6 15.
Nc3 a6 16. Qc2 f5 17. b3 Bd7 18. Bb2 Rac8 19. Rae1 Qd8 20. Qf2 Kh8 1/2-1/2

[Event "Open Ricany 2012"]
[Site "http://www.openricany.cz/"]
[Date "2012.08.28"]
[Round "4.25"]
[White "Konvalinka, Vladislav"]
[Black "Plasek, Zdenek"]
[Result "0-1"]
[WhiteElo "1908"]
[BlackElo "1983"]
[PlyCount "72"]
[EventDate "2012.??.??"]

1. d4 g6 2. c4 Bg7 3. Nc3 c5 4. d5 Bxc3+ 5. bxc3 f5 6. Nf3 Nf6 7. Nd2 Qa5 8.
Bb2 d6 9. f3 Nbd7 10. e4 fxe4 11. Nxe4 Nxe4 12. fxe4 Ne5 13. Be2 Bd7 14. O-O
O-O-O 15. Qb3 Ba4 16. Qa3 Qa6 17. Bd1 Bxd1 18. Qxa6 bxa6 19. Raxd1 Rdf8 20. Bc1
h5 21. Bg5 Kd7 22. Rb1 Rb8 23. Rb3 Rb6 24. Rfb1 Nxc4 25. Rf1 Ke8 26. Bf4 Rf8
27. g3 Kd7 28. Re1 a5 29. Kg2 Rfb8 30. Reb1 a4 31. Rxb6 axb6 32. Kf2 b5 33. Ke2
e6 34. Kd3 Ne5+ 35. Bxe5 dxe5 36. c4 bxc4+ 0-1

[Event "Open Ricany 2012"]
[Site "http://www.openricany.cz/"]
[Date "2012.08.28"]
[Round "4.26"]
[White "Koys, Milan"]
[Black "Rihova, Kamila"]
[Result "0-1"]
[WhiteElo "2104"]
[BlackElo "1672"]
[PlyCount "27"]
[EventDate "2012.??.??"]

1. e4 e5 2. Bc4 Bc5 3. d4 Bxd4 4. Nf3 Nc6 5. c3 Bb6 6. b4 d6 7. a4 a5 8. b5 Na7
9. Ng5 Nh6 10. Qh5 Qf6 11. O-O O-O 12. Na3 Bg4 13. Qh4 c6 14. Nxf7 0-1

[Event "Open Ricany 2012"]
[Site "http://www.openricany.cz/"]
[Date "2012.08.28"]
[Round "4.27"]
[White "Janicek, Jindrich"]
[Black "Koller, Martin"]
[Result "1-0"]
[WhiteElo "2053"]
[BlackElo "1900"]
[PlyCount "41"]
[EventDate "2012.??.??"]

1. Nf3 Nf6 2. c4 g6 3. Nc3 Bg7 4. d4 O-O 5. e4 d6 6. Be2 e5 7. O-O Nc6 8. d5
Ne7 9. b4 Ne8 10. c5 f5 11. Ng5 Nf6 12. f3 f4 13. Qb3 Kh8 14. Rd1 a6 15. a4 h5
16. Ba3 Ne8 17. Ne6 Bxe6 18. dxe6 Nc6 19. Nd5 Nd4 20. Rxd4 exd4 21. e7 1-0

[Event "Open Ricany 2012"]
[Site "http://www.openricany.cz/"]
[Date "2012.08.28"]
[Round "4.28"]
[White "Boucek, Vlastimil"]
[Black "Paukert, Jan"]
[Result "1-0"]
[WhiteElo "2008"]
[BlackElo "1896"]
[PlyCount "91"]
[EventDate "2012.??.??"]

1. e4 e5 2. d3 Nf6 3. c3 Nc6 4. g3 d5 5. Qc2 dxe4 6. dxe4 Bc5 7. f3 O-O 8. b4
Bb6 9. a4 a5 10. b5 Nb8 11. Nd2 Be6 12. Ba3 Re8 13. O-O-O c6 14. Nc4 Qc7 15.
Bd6 Qd8 16. Bxe5 Nbd7 17. Bxf6 gxf6 18. Nd6 Re7 19. f4 Nc5 20. c4 Qc7 21. e5
Bg4 22. Be2 Bxe2 23. Qxe2 fxe5 24. fxe5 Re6 25. Nf3 f6 26. Ne4 Nxe4 27. Qxe4
fxe5 28. Kb1 Qe7 29. Rd2 Rd8 30. Rb2 Bd4 31. Rb3 cxb5 32. cxb5 Rc8 33. Qg4+ Kh8
34. Ng5 Rc3 35. Qxe6 Qxe6 36. Nxe6 Rxb3+ 37. Kc2 Ra3 38. Rf1 h6 39. Rf7 Rxa4
40. Rxb7 Ra2+ 41. Kd3 Rxh2 42. Nxd4 exd4 43. b6 Rb2 44. Kxd4 Rb3 45. Kc4 Rxg3
46. Ra7 1-0

[Event "Open Ricany 2012"]
[Site "http://www.openricany.cz/"]
[Date "2012.08.28"]
[Round "4.29"]
[White "Halla, Jiri"]
[Black "Franek, Jan"]
[Result "1/2-1/2"]
[WhiteElo "1885"]
[BlackElo "1979"]
[PlyCount "56"]
[EventDate "2012.??.??"]

1. b3 d5 2. Bb2 Bf5 3. f4 Nf6 4. Nf3 e6 5. e3 Bd6 6. c4 c6 7. Nc3 Nbd7 8. d4 h5
9. Bd3 Ng4 10. Qe2 Nh6 11. g3 Nf6 12. e4 dxe4 13. Nxe4 Nxe4 14. Bxe4 Qa5+ 15.
Kd1 O-O-O 16. Kc2 Kb8 17. Rhd1 Ng4 18. Bxf5 Qxf5+ 19. Rd3 Be7 20. Rad1 h4 21.
Ne5 Nxe5 22. Qxe5+ Qxe5 23. dxe5 hxg3 24. hxg3 Kc7 25. Rxd8 Rxd8 26. Rxd8 Kxd8
27. Bd4 a6 28. Kd3 g6 1/2-1/2